Carregant...

Agricultural geography of Haryana

Dades bibliogràfiques
Autor principal: Jasbir, SIngh
Format: Printed Book
Idioma:Undetermined
Assamese
Publicat: Haryana Vishal Publications 1976
Matèries:
LEADER 00509nam a2200157Ia 4500
008 140306s9999 xx 000 0 und d
041 |a asm 
082 |a 630  |b JAS/AG 
100 |a Jasbir, SIngh 
245 |a Agricultural geography of Haryana 
260 |a Haryana  |b Vishal Publications  |c 1976 
300 |a 457 
650 |a Agricultural development 
942 |2 ddc  |c BK 
999 |c 117260  |d 117260 
952 |0 0  |1 0  |2 ddc  |4 0  |6 630_000000000000000_JASAG  |7 0  |9 116130  |a KAUHCV  |b KAUHCV  |d 2004-04-28  |o 630 JAS/AG  |r 2014-03-22  |w 2014-03-22  |y BK